|
|
|
|
| LEADER |
00000nam a2200000 a 4500 |
| 001 |
vtls001322366 |
| 003 |
SK-MaSNL |
| 005 |
20260301200236.0 |
| 008 |
240318s1997 xo r slo |
| 015 |
|
|
|a SNBA1998/06-02195
|
| 020 |
|
|
|a 8006008051
|
| 035 |
|
|
|a SNK000275046
|
| 035 |
|
|
|a urn:nbn:sk:snk-amtjg2
|
| 035 |
|
|
|a urn:nbn:sk:snk-am00c6k2
|
| 035 |
|
|
|a 1D1A52E8-6F1E-4667-B710-8C0DE646F1ED
|
| 040 |
|
|
|a SNK
|b slo
|c SNK
|e AACR2
|
| 041 |
0 |
|
|a slo
|
| 044 |
|
|
|a xo
|c SK
|
| 080 |
|
|
|a 001.94:629.78
|2 1981
|
| 100 |
1 |
|
|a Jackson, Robert
|4 aut
|9 44528
|
| 245 |
1 |
0 |
|a U.F.O.
|b veľké tajomstvá
|c Robert Jackson ; [preklad Viera Gründlerová]
|
| 260 |
|
|
|a Bratislava
|b Mladé letá
|c c1997
|
| 300 |
|
|
|a 80 s.
|b fareb. fotogr.
|c 30 cm
|
| 500 |
|
|
|a Rozlož. fotogr. na tit. strane
|
| 500 |
|
|
|a Údaj o prekl. prevzatý z rubu tit. strany
|
| 504 |
|
|
|a Reg.
|
| 650 |
0 |
7 |
|a civilizácie mimozemské
|x výklady populárno-náučné
|2 SNK
|9 579156
|
| 650 |
0 |
7 |
|a UFO
|x výklady populárno-náučné
|2 SNK
|9 579157
|
| 655 |
|
7 |
|a príručky
|2 SNK
|9 74364
|
| 700 |
1 |
|
|a Gründlerová, Viera, 1938-2018
|4 trl
|9 169069
|
| 852 |
|
|
|a Štátna vedecká knižnica v Banskej Bystrici
|
| 919 |
|
|
|a 80-06-00805-1
|
| 958 |
|
|
|a TL
|
| 958 |
|
|
|a OP
|
| 958 |
|
|
|a NS
|
| 968 |
|
|
|b ENG
|
| 999 |
|
|
|c 889643
|d 891573
|
| 952 |
|
|
|t P60, <03>, [BOOK], {603}
|a SNK
|b SNK
|y PREZ
|7 0
|p 17A0125613
|o snkSB 58329
|i snkKSP 2119/98
|0 0
|1 0
|4 0
|d 1998-03-02
|f 1
|l 0
|r 2025-04-09 00:00:00
|w 2026-02-24
|
| 952 |
|
|
|t snkJAC 001.9
|a SNKUST
|b SNKUST
|y PREZ
|7 0
|p 17A0125612
|o snkSB 58329 D1
|i snkKSP 2120/98
|0 0
|1 0
|4 0
|d 1998-03-02
|l 0
|r 2025-03-19 00:00:00
|w 2026-02-24
|